000 00724nam a2200205 a 4500
001 000041365
005 20201002034827.0
008 131001s1994 sp a 000 0 spa d
020 _a8477841373
040 _aDO-SdBNP
_bspa
_cBNPHU
082 _axxx
_bxxx
100 1 _aSantonja, Pedro
_968015
245 1 3 _aEl "Eusebio" de montengón y el "Emilio" de Rousseau el contexto histórico :
_b(trabajo de literatura comparada) /
_cPedro Santonja.
260 _aAlicante, España :
_bCSIC,
_c1994.
300 _a418 p. :
_bil. ;
_c21 cm.
490 1 _aEnsayo e investigación
504 _aBibliografía p: 385-418
710 2 _aConsejo Superior de Investigaciones Científicas
_94786
830 0 _aEnsayo e investigación
_968016
999 _c40855
_d40855